| Поле | Инд. | ПП | Название | Значение |
|---|---|---|---|---|
| Тип записи | a | |||
| Библиографический уровень | b | |||
| 001 | Контрольный номер | RU/IS/BASE/192883519 | ||
| 005 | Дата корректировки | 20200603225504.4 | ||
| 008 | Кодируемые данные | 20060210 | ||
| 084 | a | Индекс другой классификации/Индекс ББК | 81.411.2-22 | |
| 100 | 1_ | a | Автор | Долженко Н. Г. |
| 245 | 10 | a | Заглавие | Русское предложение с девербативным оборотом: особенности темпоральной семантики |
| 650 | 04 | a | Основная рубрика | грамматика |
| a | Основная рубрика | русский язык | ||
| a | Основная рубрика | филологические науки; синтаксис | ||
| a | Основная рубрика | частное языкознание | ||
| a | Основная рубрика | языкознание | ||
| 653 | 0_ | a | Ключевые слова | временные отношения |
| a | Ключевые слова | девербативный оборот | ||
| a | Ключевые слова | девербативы | ||
| a | Ключевые слова | предикация | ||
| a | Ключевые слова | семантика предложения | ||
| a | Ключевые слова | синтаксическая семантика | ||
| a | Ключевые слова | темпоральная семантика | ||
| a | Ключевые слова | функциональная грамматика | ||
| 773 | 18 | t | Заглавие источника | Филологические науки |
| d | Дата издания источника | 2005 | ||
| g | Прочая информация | № 6. - С. 63 - 71 | ||
| w | Контрольный № источника | RU/IS/BASE/187713148 | ||
| 901 | t | Тип документа | b |